00499nam a2200133Ia 4500008004100000020001800041041001200059082002100071100004600092245018100138260002400319300001100343500001100354231221s9999 xx 000 0 und d a81-7224-963-2 aEnglish a647.95 COO;1 R aCooper, Brian Floody, Brian McNeill, Gina 0aStart and run a profitable restaurant : turn your dream of owning a restaurant into a reality, discover how location, decor and menus affect your success, avoid costly mistakes c2002bJaicoaMumbai axv+214 aE.-509